1671 1724 1489 1529 1124 1147 1185 1438 1538 1393 1976 1968 1452 1680 1200 1033 1225 1791 1301 1786 1748 1044 1919 1366 1378 1207 1004 1144 1418 1791 1209 1489 1583 1147 1600 1308 1867 1280 1836 1241 1405 1567 1623 1867 1535 1659 1483 1178 1427 1949 1259 1374 1610 1911 1301 1660 1601 1116 1938 1264 1642 1216 1069 1189 1721 1523 1395 1104 1553 1452 1166 1561 1338 1991 1661 1748 1177 1426 1360 1743 1755 1059 1163 1155 1179 1570 1719 1113 1808 1332 1358 1770 1045 1782 1813 1486 1791 1717 1710 BCNSPRNW ULIB Ver.6.0+V

เปลี่ยนเป็นภาษาไทย

Change to English
 แสดงรายละเอียดบรรณานุกรม
  กลับหน้าหลัก

Brief Record : Get Marc (ISO 2709) : E-mail record : QR code < ปิดหน้าต่าง
LEADER : 00000nam 2200000uu 4500
001    13399120261
003     ULIB
008    120917s2547||||th 000 0 tha d
060  4 ^aWY200^bพ796ค 2547
100 0  ^aพีระ เรืองฤทธิ์
245 00 ^aคู่มือการวินิจฉัยการพยาบาลครอบครัว/^cพีระ เรืองฤทธิ์
260    ^aนครสวรรค์ :^bวิทยาลัยพยาบาลบรมราชชนนี สวรรค์ประชารักษ์ นครสวรรค์^c2547
300    ^a73 หน้า
650  7 ^aการพยาบาลครอบครัว
995    ^aวิภา
999 ^a ใช้งานได้ทุกระบบ
รายการนี้ยังไม่มีแท็ก
คุณยังไม่ได้ล็อกอิน คุณสามารถมีกิจกรรมร่วมกับเว็บไซต์ได้ แต่ต้องล็อกอินก่อน ::
  ล็อกอิน

รายการสื่อสารสนเทศ

ลำดับที่ ประเภท เลขเรียก/บาร์โค้ด สถานที่ สถานะ
- ไม่พบข้อมูล -

รายการใกล้เคียง
    หัวเรื่อง [การพยาบาลครอบครัว]

BibComment


ยังไม่เคยถูกคอมเมนท์

คอมเมนท์ทรัพยากรรายการนี้
  คอมเมนท์: คู่มือการวินิจฉั..


 Copyright 2026. Bcnsprnw @Library